Explorador le monde diplomatique: españa /

Guardado en:
Autor Principal: Ruiz García, Enrique
Otros Autores: Alfieri, Carlos; coord.
Formato: Libro
Publicado: Buenos Aires : Capital Intelectual, 2015.
Series:Tercera Serie ; 5
Materias:
Etiquetas: Agregar Etiqueta
Sin Etiquetas, Sea el primero en etiquetar este registro!
LEADER 00991nam a22002415a 4500
001 CEM.cems014661
005 20151113161550.0
008 130507s2015##################000#0#####d
003 CEMS
020 |a 9789876144919 
082 0 4 |a 910.3 
100 1 |a Ruiz García, Enrique 
245 1 0 |a Explorador le monde diplomatique: españa /  |c Enrique Ruiz García ... y Otros; coordinado Por Carlos Alfieri 
260 |a Buenos Aires :  |b Capital Intelectual,  |c 2015. 
300 |a 88 p. 
490 0 |a Tercera Serie ; 5 
505 0 |a España: la burbuja perforada -- La estela del franquismo: lo pasado -- El fin de la ilusión: España hacia adentro -- Oscilaciones y renuncias: España hacia afuera -- Los estallidos del genio : lo vivido, lo pensado, lo imaginado -- Grandes esperanzas: lo que vendrá 
653 |a Geografía 
653 |a Historia 
653 |a Economía 
653 |a España 
700 1 |a Alfieri, Carlos; coord. 
859 |a CEMS  |b BIB. CEMS - 11 de abril  |h 910.3  |i N191-12  |p 27257.15  |t Ej.1